| 000 | 00495nam a22001577a 4500 | ||
|---|---|---|---|
| 003 | OSt | ||
| 005 | 20201015154807.0 | ||
| 008 | 201015b 1969 00| 0 eng d | ||
| 040 |
_aDO-SdBNP _bspa _cBNPHU |
||
| 100 | 1 |
_aFeliz, Guido _922907 |
|
| 245 | 1 | 0 |
_aIglesia y revolución / _cGuido Feliz ; prólogo del Dr. Pedro Troncoso Sánchez. |
| 260 |
_aSanto Domingo : _bLibrería Dominicana, _c1969. |
||
| 300 |
_a146 p. ; _c21 cm. |
||
| 700 | 1 |
_4Troncoso Sánchez, Pedro, _e prólogo |
|
| 942 |
_2ddc _cLBS1 |
||
| 999 |
_c48902 _d48902 |
||